Hướng dẫn ôn thi Đại học môn tiếng Pháp

Zapisane w:
Opis bibliograficzny
1. autor: Vũ Hoàng Đại
Format: Książka
Język:Undetermined
Wydane: Hà Nội ĐH và THCN 1985
Hasła przedmiotowe:
Etykiety: Dodaj etykietę
Nie ma etykietki, Dołącz pierwszą etykiete!
Thư viện lưu trữ: Trung tâm Học liệu Trường Đại học Cần Thơ
LEADER 00542nam a2200181Ia 4500
001 CTU_500
008 210402s9999 xx 000 0 und d
082 |a 440.07 
082 |b Đ103 
100 |a Vũ Hoàng Đại 
245 0 |a Hướng dẫn ôn thi Đại học môn tiếng Pháp 
245 0 |c Vũ Hoàng Đại 
260 |a Hà Nội 
260 |b ĐH và THCN 
260 |c 1985 
650 |a french language - study and teaching 
904 |i Minh, 960723 
980 |a Trung tâm Học liệu Trường Đại học Cần Thơ